[Event "Tres Lagoas nt"]
[Site "Tres Lagoas"]
[Date "2015.08.08"]
[Round "2.3"]
[White "Souza dos Santos, Matheus Garcett"]
[Black "Belquior Minari, Maria Fernanda"]
[Result "1-0"]
[WhiteElo "1956"]
[BlackElo "1800"]
[PlyCount "53"]
[EventDate "2015.08.08"]
[EventType "swiss"]
[EventRounds "5"]
[EventCountry "BRA"]
[SourceTitle "EXT 2022"]
[Source "ChessBase"]
[SourceDate "2021.10.06"]
[SourceVersion "1"]
[SourceVersionDate "2021.10.06"]
[SourceQuality "1"]

1. e4 f6 2. Nf3 e5 3. Nxe5 fxe5 4. Qh5+ g6 5. Qxe5+ Be7 6. Qxh8 d5 7. Qxg8+ Bf8 8. exd5 Qe7+ 9. Be2 Bg4 10. f3 Qh4+ 11. g3 Qh3 12. fxg4 Qg2 13. Rf1 Nd7 14. Qe6+ Be7 15. Qf7+ Kd8 16. Qg8+ Nf8 17. Rxf8+ Bxf8 18. Qxf8+ Kd7 19. Qxa8 Qg1+ 20. Bf1 Kd6 21. Qd8+ Ke5 22. d4+ Kxd4 23. c3+ Ke4 24. Nd2+ Ke5 25. Nf3+ Ke4 26. Qe7+ Kxf3 27. Qe2# 1-0